Az olvasás csak olvasás által fejleszthető
Elmentve itt :
| Szerző: | |
|---|---|
| Dokumentumtípus: | Cikk |
| Megjelent: |
1998
|
| Sorozat: | Iskolakultúra
8 No. 1 |
| Online Access: | http://misc.bibl.u-szeged.hu/40765 |
| LEADER | 00583nab a2200169 i 4500 | ||
|---|---|---|---|
| 001 | misc40765 | ||
| 005 | 20191106141003.0 | ||
| 008 | 180709s1998 hu o 0|| zxx d | ||
| 022 | |a 1215-5233 | ||
| 040 | |a SZTE Miscellanea Repozitórium |b hun | ||
| 041 | |a zxx | ||
| 100 | 1 | |a Trencsényi Borbála | |
| 245 | 1 | 3 | |a Az olvasás csak olvasás által fejleszthető |h [elektronikus dokumentum] / |c Trencsényi Borbála |
| 260 | |c 1998 | ||
| 300 | |a 117-118 | ||
| 490 | 0 | |a Iskolakultúra |v 8 No. 1 | |
| 856 | 4 | 0 | |u http://misc.bibl.u-szeged.hu/40765/1/EPA00011_iskolakultura_1998_01_117-118.pdf |z Dokumentum-elérés |